Music Quiz

Random Music or Clickable Quiz
Score 0/30 Timer 05:00
0 Plays Today
% Correct
Hootie
91.6%
Diana Ross
91.5%
KC
90.7%
Tom Petty
90.3%
Bruce Springsteen
89.6%
Huey Lewis
88%
Bob Marley
84.9%
Frankie Valli
83.3%
Sly
83.1%
Gladys Knight
81.2%
Joan Jett
79%
Florence
78.8%
Bob Seger
72.1%
Buddy Holly
71.1%
Katrina
70.2%
% Correct
Martha
67.8%
Smokey Robinson
67.2%
George Thorogood
56.8%
Gerry
54.3%
Bruce Hornsby
51.9%
Tommy James
48.3%
Eric Burdon
47.7%
?
45%
Dion
43.4%
Gary Lewis
38.6%
Freddie
38.1%
Little Anthony
37.5%
Ruby
33.9%
Danny
29.1%
Billy J. Kramer
24.4%
Remove Ads.
Support Sporcle.
Get the best of Sporcle when you Go Orange. This ad-free experience offers more features, more stats, and more fun while also helping to support Sporcle. Thank you for becoming a member.

You're not logged in!

Compare scores with friends on all Sporcle quizzes.
OR
Log In

Show Comments

Extras

Top Quizzes Today


Score Distribution

Your Account Isn't Verified!

In order to create a playlist on Sporcle, you need to verify the email address you used during registration. Go to your Sporcle Settings to finish the process.

Report this User

Report this user for behavior that violates our Community Guidelines.

Details: